00631nam a2200193Ia 4500001001000000003000500010008004100015010001100056040000900067082002400076111006000100245011300160260003600273300001100309650004800320650003500368700002000403700001400423Para_6154CHAP220125s1976 xx 000 0 und d a204934 cCHAP aPA 594.1192 S9 1975 aSymposium of the British Ecological Society (17: 1975) aThe role of terrestrial and aquatic organisms in decomposition processes /c by J.M. Anderson, A. Macfadyen aOxford :b Blackwell Scientific a474 p. aBiodegradación x Colecciones de escritos aBiodegradación x Congresos  aAnderson, J.M.  aMacfadyen